Statistics for All Countries by Southernmost Point on Land

Click here to take the quiz!

General Stats

  • This quiz has been taken 1,555 times
    (1,532 since last reset)
  • The average score is 71 of 196

Answers on the Map

Answers color-coded by a green-red scale on the quiz's map according to % correct below.
 

Answer Stats

LatCountry% Correct
55°04'SArgentina
100%
56°32'SChile
100%
52°37'SNew Zealand
96%
55°03'SAustralia
95%
46°59'SSouth Africa
94%
35°02'SUruguay
87%
33°45'SBrazil
86%
30°40'SLesotho
85%
28°58'SNamibia
84%
27°43'SParaguay
83%
26°54'SBotswana
81%
27°19'SEswatini
81%
26°52'SMozambique
80%
22°54'SBolivia
77%
25°37'SMadagascar
77%
22°25'SZimbabwe
77%
22°21'STonga
72%
21°44'SFiji
71%
20°32'SMauritius
70%
18°21'SPeru
68%
20°15'SVanuatu
68%
18°05'SZambia
68%
18°02'SAngola
67%
17°07'SMalawi
67%
12°25'SComoros
64%
13°27'SDemocratic Republic of the Congo
64%
11°46'SPapua New Guinea
64%
11°00'SIndonesia
63%
14°04'SSamoa
63%
11°45'STanzania
63%
11°47'SSolomon Islands
62%
11°26'SKiribati
60%
10°48'STuvalu
59%
05°02'SRepublic of the Congo
58%
04°28'SBurundi
57%
09°30'SEast Timor
57%
05°00'SEcuador
57%
10°13'SSeychelles
57%
04°14'SColombia
56%
04°43'SKenya
56%
02°51'SRwanda
56%
03°59'SGabon
55%
01°29'SUganda
55%
01°28'SEquatorial Guinea
52%
01°40'SSomalia
51%
00°51'NMalaysia
50%
00°33'SNauru
50%
00°40'NVenezuela
50%
01°09'NSingapore
49%
01°39'NCameroon
48%
02°13'NCentral African Republic
48%
01°11'NGuyana
48%
01°50'NSuriname
48%
01°01'NFederated States of Micronesia
47%
00°42'SMaldives
47%
00°01'SSão Tomé and Príncipe
47%
03°29'NSouth Sudan
47%
03°24'NEthiopia
46%
04°17'NNigeria
46%
04°00'NBrunei
45%
02°47'NPalau
45%
04°22'NIvory Coast
42%
04°21'NLiberia
42%
04°44'NGhana
41%
04°34'NMarshall Islands
41%
04°35'NPhilippines
40%
06°14'NBenin
39%
05°37'NThailand
39%
06°07'NTogo
39%
07°27'NChad
37%
06°44'NIndia
37%
06°56'NSierra Leone
37%
05°55'NSri Lanka
37%
07°12'NGuinea
36%
07°11'NPanama
36%
05°31'NCosta Rica
35%
09°30'NSudan
34%
08°25'NVietnam
34%
09°24'NBurkina Faso
32%
09°55'NCambodia
31%
10°09'NMali
31%
10°52'NGuinea-Bissau
30%
09°36'NMyanmar
30%
11°42'NNiger
30%
10°03'NTrinidad and Tobago
30%
10°56'NDjibouti
29%
10°43'NNicaragua
29%
12°22'NEritrea
28%
12°06'NYemen
28%
63°17'NIceland
27%
12°18'NSenegal
27%
13°02'NGambia
26%
11°59'NGrenada
26%
12°59'NHonduras
26%
13°09'NEl Salvador
25%
13°55'NLaos
25%
12°32'NSaint Vincent and the Grenadines
25%
13°03'NBarbados
24%
18°10'NChina
24%
13°44'NGuatemala
24%
14°43'NMauritania
24%
16°39'NOman
24%
13°42'NSaint Lucia
24%
18°58'NAlgeria
23%
15°53'NBelize
23%
15°12'NDominica
23%
17°28'NDominican Republic
23%
59°30'NFinland
23%
18°01'NHaiti
23%
17°42'NJamaica
23%
19°30'NLibya
23%
14°32'NMexico
23%
57°57'NNorway
23%
17°06'NSaint Kitts and Nevis
23%
16°23'NSaudi Arabia
23%
16°56'NAntigua and Barbuda
22%
20°35'NBangladesh
22%
14°48'NCape Verde
22%
54°34'NDenmark
22%
22°00'NEgypt
22%
57°31'NEstonia
22%
51°23'NIreland
22%
55°40'NLatvia
22%
53°54'NLithuania
22%
20°47'NMorocco
22%
55°20'NSweden
22%
18°54'NUnited States
22%
51°15'NBelarus
21%
49°30'NBelgium
21%
19°50'NCuba
21%
29°30'NIsrael
21%
50°45'NNetherlands
21%
23°42'NPakistan
21%
21°53'NTaiwan
21%
22°38'NUnited Arab Emirates
21%
49°52'NUnited Kingdom
21%
29°23'NAfghanistan
20%
20°55'NBahamas
20%
25°34'NBahrain
20%
26°43'NBhutan
20%
25°04'NIran
20%
29°04'NIraq
20%
35°30'NItaly
20%
24°44'NJapan
20%
29°11'NJordan
20%
33°03'NLebanon
20%
49°27'NLuxembourg
20%
26°22'NNepal
20%
49°00'NPoland
20%
36°57'NPortugal
20%
24°28'NQatar
20%
32°19'NSyria
20%
30°15'NTunisia
20%
34°34'NCyprus
19%
48°33'NCzech Republic
19%
47°17'NGermany
19%
34°49'NGreece
19%
28°32'NKuwait
19%
35°47'NMalta
19%
47°44'NSlovakia
19%
33°06'NSouth Korea
19%
45°50'NSwitzerland
19%
36°40'NTajikistan
19%
35°49'NTurkey
19%
35°09'NTurkmenistan
19%
37°11'NUzbekistan
19%
39°39'NAlbania
18%
42°26'NAndorra
18%
38°50'NArmenia
18%
46°23'NAustria
18%
38°24'NAzerbaijan
18%
41°03'NGeorgia
18%
45°45'NHungary
18%
40°34'NKazakhstan
18%
39°10'NKyrgyzstan
18%
47°03'NLiechtenstein
18%
41°34'NMongolia
18%
37°40'NNorth Korea
18%
41°11'NRussia
18%
27°38'NSpain
18%
42°34'NBosnia and Herzegovina
17%
41°15'NBulgaria
17%
41°41'NCanada
17%
42°23'NCroatia
17%
41°20'NFrance
17%
41°48'NKosovo
17%
45°28'NMoldova
17%
43°44'NMonaco
17%
41°51'NMontenegro
17%
40°52'NNorth Macedonia
17%
43°38'NRomania
17%
43°54'NSan Marino
17%
42°13'NSerbia
17%
45°25'NSlovenia
17%
45°19'NUkraine
17%
41°54'NVatican City
17%

Score Distribution

Percentile by Number Answered

Percent of People with Each Score

Your Score History

You have not taken this quiz since the last reset